000 01332nam a2200373 i 4500
001 197749
003 ES-MaACL
005 20250901063144.0
008 250617s2009 sp | |||| 000 f spa
015 _aMON08
017 _aB 7572-2009
_bOficina Depósito Legal Barcelona
020 _a9788408079194
035 _a(OCoLC)433775744
035 _a(SpMaBN)a4311773
040 _aSpMaBN
_bspa
_cSpMaBN
_erdc
080 _a821.134.2-31"19"
100 1 _aSánchez Adalid, Jesús,
_d1962-
_9159586
_eaut
245 1 3 _aEl alma de la ciudad /
_cJesús Sánchez Adalid.
250 _aCuarta edición: febrero 2009
260 _aBarcelona :
_bBooket,
_c2008.
300 _a646 páginas ;
_c19 cm.
336 _2rdacontent
_atexto
337 _2rdamedia
_asin mediación
338 _2rdacarrier
_avolumen
490 1 0 _aNovela histórica (Booket (Editorial)) ;
_v6045
586 _aPremio de Novela Fernando Lara 2007.
655 0 _9234319
_aNovelas
852 _aES-MaACL
_cDEPOJ
_jN-10612
_hDonación: José Lázaro García
_xEncuadernación rústica
_9206735
903 _9234219
_aLázaro García, José
_ednr
942 _cMONOGRAFIA
_n0
999 _c197749
_d197749